Introduction To Computers (Record no. 43467)
[ view plain ]
| 000 -LEADER | |
|---|---|
| fixed length control field | 00209nam a2200097Ia 4500 |
| 008 - FIXED-LENGTH DATA ELEMENTS--GENERAL INFORMATION | |
| fixed length control field | 180219s9999 xx 000 0 und d |
| 100 ## - MAIN ENTRY--PERSONAL NAME | |
| Personal name | Norton Peter |
| 245 #0 - TITLE STATEMENT | |
| Title | Introduction To Computers |
| 260 ## - PUBLICATION, DISTRIBUTION, ETC. | |
| Date of publication, distribution, etc. | 2011 |
| 300 ## - PHYSICAL DESCRIPTION | |
| Extent | 0 |
| 942 ## - ADDED ENTRY ELEMENTS (KOHA) | |
| Edition | 7th |
| Withdrawn status | Lost status | Source of classification or shelving scheme | Damaged status | Not for loan | Home library | Current library | Date acquired | Total Checkouts | Barcode | Date last seen | Price effective from | Koha item type | Date last checked out |
|---|---|---|---|---|---|---|---|---|---|---|---|---|---|
| NOIDA College IIMT College of Polytechnice | NOIDA College IIMT College of Polytechnice | 02/19/2018 | 10-B-190 | 02/21/2018 | 02/21/2018 | Book Bank | |||||||
| NOIDA College IIMT College of Polytechnice | NOIDA College IIMT College of Polytechnice | 02/19/2018 | 1 | 10-B-191 | 08/28/2018 | 02/21/2018 | Book Bank | 08/28/2018 |

